Vzdelávanie a rozvoj zamestnancov v digitálnej dobe diplomová práca

Na minha lista:
Detalhes bibliográficos
Autor principal: Oravcová, Sofia
Autor Corporativo: Fakulta podnikového manažmentu EU. Katedra manažmentu
Outros Autores: Blštáková, Jana, 1980-
Formato: Livro
Idioma:eslovaco
Publicado em: Bratislava 2023
Tags: Adicionar Tag
Sem tags, seja o primeiro a adicionar uma tag!

MARC

LEADER 00000nbm a2200000 4500
001 0293528
005 20240515102114.1
041 0 |a slo 
044 |a SK 
245 1 0 |a Vzdelávanie a rozvoj zamestnancov v digitálnej dobe  |b diplomová práca  |c Sofia Oravcová ; školiteľ: Jana Blštáková 
264 1 |a Bratislava  |c 2023 
300 |a 74 s. 
100 1 |a Oravcová, Sofia 
700 1 |a Blštáková, Jana, 1980- 
710 2 |a Fakulta podnikového manažmentu EU. Katedra manažmentu